[Event "Euskadi-ch U18"]
[Site "Eibar"]
[Date "2019.04.25"]
[Round "4"]
[White "Martin Ibisate, Xabier"]
[Black "Apellaniz Perez, Estibaliz"]
[Result "1-0"]
[WhiteElo "1833"]
[BlackElo "1359"]
[PlyCount "67"]
[EventDate "2019.04.23"]
[EventType "swiss"]
[EventRounds "7"]
[EventCountry "ESP"]
[SourceTitle "EXT 2020"]
[Source "ChessBase"]
[SourceDate "2019.10.17"]
[SourceVersion "1"]
[SourceVersionDate "2019.10.17"]
[SourceQuality "1"]

1. e4 Nc6 2. d4 d6 3. Nc3 Nf6 4. h3 g6 5. f4 Bg7 6. Be3 Nd7 7. Nf3 e5 8. fxe5 dxe5 9. d5 Ncb8 10. Qd2 c6 11. d6 h6 12. Bc4 Na6 13. Rd1 Nac5 14. 0-0 b5 15. Bxf7+ Kxf7 16. Nxe5+ Ke6 17. Nxg6 Rh7 18. Qf2 Qf6 19. Qxf6+ Bxf6 20. Bxc5 Rg7 21. Nf4+ Kf7 22. Nh5 Rg5 23. Nxf6 Nxf6 24. Bd4 Bxh3 25. Rxf6+ Kg8 26. Rd2 h5 27. Be3 Rg3 28. Bf4 Rg7 29. Kh2 Bd7 30. e5 Re8 31. Ne4 Be6 32. Rxe6 Rxe6 33. d7 Kf7 34. d8Q 1-0